Software de contabilidad para la cooperativa de empleados y profesores del UTECO / Luis Abarua Villafaña, Richard Guillot Silverio y Luis Miguel Ullola ; asesor Alba Lissette Peguero (Registro nro. 18608)

Detalles MARC
000 -LEADER
fixed length control field 01067nam a22002411a 4500
001 - CONTROL NUMBER
control field 18608
003 - CONTROL NUMBER IDENTIFIER
control field OSt
005 - DATE AND TIME OF LATEST TRANSACTION
control field 20260204212414.0
008 - FIXED-LENGTH DATA ELEMENTS--GENERAL INFORMATION
fixed length control field 180326s2017||||dr ||||||b||||||||||spa||
090 ## - LOCALLY ASSIGNED LC-TYPE CALL NUMBER (OCLC); LOCAL CALL NUMBER (RLIN)
Classification number (OCLC) (R) ; Classification number, CALL (RLIN) (NR) INF 2017 A11
100 1# - ASIENTO PRINCIPAL -- NOMBRE PERSONAL
Personal name Abarua Villafaña,Luis
Dates associated with a name sustentante
245 1# - TÍTULO PROPIAMENTE DICHO: SUBTÍTULO
Title Software de contabilidad para la cooperativa de empleados y profesores del UTECO / Luis Abarua Villafaña, Richard Guillot Silverio y Luis Miguel Ullola ; asesor Alba Lissette Peguero
260 ## - PUBLICATION, DISTRIBUTION, ETC.
Place of publication, distribution, etc. Cotuí, República Dominicana :
Name of publisher, distributor, etc. UTECO,
Date of publication, distribution, etc. 2017
300 ## - PHYSICAL DESCRIPTION
Extensión 108 hojas :
Other physical details Ilustraciones ;
Dimensions 28cm.
502 ## - THESIS NOTE
Dissertation note Trabajo de grado (Licenciatura en Informática) --Universidad Tecnológica del Cibao Oriental, 2017
504 ## - BIBLIOGRAPHY, ETC. NOTE
Bibliography, etc. note Incluye referencia bibliográfica e índice
650 #4 - ASIENTO SECUNDARIO DE MATERIA -- TERMINO TOPICO
Asiento secundario de materia Software de contabilidad
700 1# - ASIENTO SECUNDARIO -- NOMBRE PERSONAL
Personal name Guillot Silverio, Richard
Relator term sustentante
700 1# - ASIENTO SECUNDARIO -- NOMBRE PERSONAL
Personal name Ullola, Luis Miguel
Relator term sustentante
700 1# - ASIENTO SECUNDARIO -- NOMBRE PERSONAL
Personal name Peguero, Alba Lissette
Relator term asesor
830 ## - ASIENTO SECUNDARIO DE SERIE - TÍTULO UNIFORME
Uniform title Tesis y disertaciones académicas (Universidad Tecnológica del Cibao Oriental)
942 ## - ADDED ENTRY ELEMENTS (KOHA)
Source of classification or shelving scheme Clasificación Local
Koha item type Tesis
Existencias
Withdrawn status Lost status Source of classification or shelving scheme Damaged status Not for loan Collection code Home library Current library Shelving location Date acquired Inventory number Total Checkouts Full call number Barcode Date last seen Copy number Price effective from Koha item type
    Clasificación Local   Préstamo Interno Trabajos de Grado e Investigación   Biblioteca UTECO En Estantería 09/09/2019 IT-2017-009   INF 2017 A11 IT-2017-009 09/09/2019 Ej.1 09/09/2019 Tesis
© 2021 Derechos Reservados UTECO - Teléfono: +1 809-585-2291 - Correo electrónico: biblioteca@uteco.edu.do​  
Código postal 43000 ​​
Dirección: Avenida Universitaria No. 100, 
Cotuí, Provincia Sánchez Ramírez, República Dominicana - RNC: 404-00059-6